Statistics for African Animals by Picture Quiz

Click here to take the quiz!

General Stats

  • This quiz has been taken 216 times
  • The average score is 12 of 15

Answer Stats

Answer% Correct
Lion
99%
Zebra
91%
Elephant
89%
Flamingo
89%
Gorilla
89%
Leopard
89%
Cheetah
88%
Hyena
86%
Chimpanzee
84%
Hippopotamus
80%
Vulture
79%
Rhinoceros
71%
Gazelle
69%
Okapi
52%
Serval
43%

Score Distribution

Percentile by Number Answered

Percent of People with Each Score

Your Score History

You have not taken this quiz